| 000 | 00448nam a2200169Ia 4500 | ||
|---|---|---|---|
| 005 | 20250508162136.0 | ||
| 008 | 008 250505s9999 xx 000 0 eng d | ||
| 037 | _aTextual | ||
| 040 |
_aFEDL _beng _cFEDL |
||
| 041 |
_aeng _2eng |
||
| 084 |
_a410, SAV _qFEDL |
||
| 100 |
_aSavage John F _9772416 |
||
| 245 | 0 | _aLinguistics for teachers selected reading | |
| 300 | _a318p. | ||
| 942 |
_cTEXL _h410, SAV |
||
| 999 |
_c1374625 _d1374625 |
||